| 000 | 00554nam a2200169Ia 4500 | ||
|---|---|---|---|
| 999 |
_c6865 _d6865 |
||
| 020 | _a9781857435115 | ||
| 082 | _aRR 060.05 EUR- | ||
| 245 | 0 | _aEuropa world year book 2009 | |
| 250 | _a50th | ||
| 260 |
_aLondon _bRoutledge _c2009 |
||
| 500 | _acontents: 2 Vols. Vol. 1 (International organizatios), (xiv, 1-2596p.) - v.2 (Afghanistan-Jordan), (xiv, 2597-5106p.) | ||
| 650 |
_aInternational agencies _vPeriodicals _z2009 |
||
| 650 |
_aInternational organization _vPeriodicals _z2009 |
||
| 650 |
_aYearbooks _z2009 |
||
| 700 | _aMaher, Joanne | ||
| 942 | _cBK | ||